000 00790nam a2200253Ia 4500
003 OSt
005 20220927105319.0
006 a|||||r|||| 00| 0
007 ta
008 220926b |||||||| |||| 00| 0 eng d
024 _a173799
037 _cReference Collections
040 _aRTL
_cRTL
_beng
041 _2eng
_aeng
082 _a"X991-65, P7/Th"
100 _aGarg Sandeep Kumar
_9371634
245 0 _aGlobalisation and investment flows
_b Policy perspective
260 _aNew
_bDelhi University of Delhi
_c2007
300 _a292p
_ccm.
490 _a"Thesis,University of Delhi, Commerce(Deptt of-)"
500 _aBibliography P 285-92; Appendix P 93-102
942 _h"X991-65, P7/Th"
_cCC
999 _c691772
_d691772